Manchester United Old and new Player Names - Statistics

General Stats
  • This quiz has been taken 211 times
  • The average score is 7 of 15
Answer Stats
Hint Answer % Correct
Ex MU player: I am the WORLDS GREATEST PLAYER EVER Cristiano Ronaldo
88%
Dab Paul Pogba
80%
Ogar Wayne Rooney
76%
Dabber V2 Jesse Lingard
65%
We are young Ashley Young
62%
Wonder Boy Marcus Rashford
62%
God Zlatan Ibrahimović
58%
Off to Real Madrid David De Gea
44%
I am the Wonder boy though Anthony Martial
33%
Whats the matter Juan Mata
33%
Ex MU player: Off to Chicago Bastian Schweinsteiger
32%
Ex MU player: You Have been MERRKED Rio Ferdinand
30%
Ex MU player: My son will never live up to his expectations Peter Schmeichel
28%
How do you pronouce my name Henrikh Mkhitaryan
18%
Ex MU player: Lets eat burgers Radamel Falcao
3%
No matching quizzes found
Score Distribution
Percent of People with Each Score
Percentile by Number Answered
Your Score History
You have not taken this quiz